[Event "Stockholm Chess Challenge 2018"]
[Site "Stockholm"]
[Date "2018.04.30"]
[Round "1"]
[White "Jeferli, Mohammed Ali"]
[Black "Kaasen, Tor Fredrik"]
[Result "0-1"]
[WhiteElo "1842"]
[BlackElo "2354"]
[Annotator "TA"]
[PlyCount "54"]
[EventDate "2018.??.??"]
[EventCountry "SWE"]
[SourceTitle "playchess.com"]
[Source "ChessBase"]
[SourceQuality "1"]

{[%evp 18,54,16,21,33,7,-8,-41,-24,-35,-46,-66,-38,-74,-58,-83,-94,-89,-83,-68,0,-203,-216,-198,-285,-279,-278,-233,-225,-410,-355,-1506,-1412,-1751,-1130,-986,-766,-29994,-29995]} 1. c4 Nf6 2. g3 g6 3. Bg2 Bg7 4. e3 O-O 5. d4 d6 6. Ne2 Nbd7 7. Nbc3 e5 8. O-O Re8 9. b3 c6 10. Bb2 {LiveBook: 6 Games. E61: King's Indian: Early deviations for White, including Smyslov System} (10. Ba3 exd4 11. exd4 d5 12. cxd5 Nxd5 13. Nxd5 cxd5 14. Re1 Nf6 15. Nc3 Rxe1+ 16. Qxe1 Be6 17. Ne2 {½-½ (17) Ponkratov,P (2591)-Rogic,D (2511) Mali Losinj 2017}) 10... Qe7 11. Qd2 $146 ({Predecessor:} 11. Ba3 e4 12. f4 exf3 13. Rxf3 Bh6 14. Bc1 d5 15. cxd5 cxd5 16. a4 a5 17. Qf1 Ra6 18. Nf4 Nb6 19. Bd2 Bf5 20. Rf2 Ng4 21. Re2 Nf6 22. Rf2 Ng4 {½-½ (22) Truyens,A (2254)-Casier,W (2346) ICCF email 2005}) 11... e4 12. h4 {The position is equal.} Nf8 13. b4 Bg4 14. b5 h6 {[%cal Bh7h6,Bh6g5][%mdl 32]} 15. bxc6 bxc6 16. Nc1 g5 17. hxg5 hxg5 18. Nb3 Ng6 (18... Bf3 $15) 19. Rfe1 $2 {[#]} (19. Qc2 $11) 19... Qd7 $1 $19 20. Kh2 {[#]} Bf3 $1 21. Bxf3 exf3 22. Rh1 Qg4 23. d5 $2 (23. Kg1 Ne7 24. d5) 23... c5 24. Nb5 $2 (24. Kg1 Ne5 25. Na5) 24... Ne4 25. Qc2 Bxb2 26. Qxb2 Ne5 {Hoping for ...Nd3.} ({Less strong is} 26... a6 27. Nc7 $15) 27. Qc2 Kg7 {Precision: White = 23%, Black = 81%.} 0-1

[Event "Stockholm Chess Challenge 2018"]
[Site "Stockholm"]
[Date "2018.05.01"]
[Round "2"]
[White "Kantans, Toms"]
[Black "Haria, Ravi"]
[Result "1/2-1/2"]
[WhiteElo "2510"]
[BlackElo "2441"]
[Annotator "TA"]
[PlyCount "129"]
[EventDate "2018.??.??"]
[EventCountry "SWE"]
[SourceTitle "playchess.com"]
[Source "ChessBase"]
[SourceQuality "1"]

{[%evp 24,129,29,14,25,0,0,0,0,0,0,0,7,-16,0,0,0,-5,0,0,0,0,7,-8,-4,-44,-36,-114,-115,-122,-129,-159,-159,-121,-70,-79,-73,-78,-77,-70,-45,-57,-63,-57,-71,-75,-86,-82,-74,-75,-69,-85,-85,-88,-84,-93,-96,-110,-104,-114,-113,-106,-104,-106,-47,-47,-47,-47,-47,-87,-47,-59,-47,-47,-8,-8,-8,-8,-8,-8,-12,-20,-8,-8,-8,-8,-8,-8,-8,-8,-8,-8,-8,-8,-8,-8,-8,-8,-8,-8,-8,-8,0,-8,0,-9,-9,-9]} 1. Nf3 Nf6 2. d4 e6 3. Bf4 c5 4. e3 b6 5. Bd3 Bb7 6. Nbd2 cxd4 7. exd4 Be7 8. h3 d6 {A47: 1 d4 Nf6 2 Nf3 b6: Torre, London and Colle Systems} 9. c3 Nbd7 10. O-O O-O 11. Re1 (11. Qe2 a6 12. a4 Re8 13. Bh2 h6 14. Rfe1 Bf8 15. Nc4 Qc7 16. Ne3 Nd5 17. Nxd5 Bxd5 18. Bxa6 Bxf3 19. gxf3 {1-0 (34) Carlsen,M (2837)-Akobian,V (2647) Riadh 2017}) 11... Re8 12. a4 a6 13. Qb3 {LiveBook: 4 Games} Bf8 14. Ne4 $146 (14. Bg3 {with more complications.} h6 15. Rac1 Qc7 16. Qc2 Be7 17. Qd1) ({Predecessor:} 14. Ng5 h6 15. Nge4 Qc7 16. Qc4 Qb8 17. Bc2 Nxe4 18. Nxe4 {1-0 (37) Rosen,E (2372)-Bartos,J (2185) Teplice 2017}) 14... Nxe4 15. Bxe4 Bxe4 16. Rxe4 h6 17. Re2 Qc7 18. Bg3 Rec8 19. Nd2 Qc6 20. d5 exd5 {[%cal Be6d5,Bd5d4,Bd4d3][%mdl 32]} 21. Nf1 Nc5 22. Qd1 b5 {[%cal Rb5a4]} 23. axb5 Qxb5 24. Ne3 d4 $36 {[%mdl 2048] Black is more active.} 25. c4 (25. cxd4 $15 Nb3 26. Rb1) 25... Qb7 $17 26. Nd5 d3 27. Re3 Qxb2 28. Rb1 Qc2 (28... Qa2 $17 {...Rcb8 is the strong threat.} 29. Nb6 Rab8) 29. Qxc2 $1 $15 dxc2 30. Rc1 Rab8 31. Rxc2 Nb3 32. Rb2 Na5 33. Rxb8 Rxb8 34. c5 Nc4 $1 35. Re1 {[#] And now c6 would win.} Rc8 $1 36. cxd6 Nxd6 37. Ra1 Rc5 38. Nb6 Ne4 39. Nd7 Nxg3 40. fxg3 {[#]} Rc6 $1 41. Nxf8 Kxf8 $17 {[%mdl 4096] Endgame KR-KR} 42. Kf2 Ke7 43. g4 g5 ({Better is} 43... Re6 $17) 44. Ke3 $15 Re6+ 45. Kd4 Kf6 46. Ra5 Kg6 47. g3 f6 48. Kd3 h5 49. gxh5+ {The position is equal.} Kxh5 50. Kd2 Kg6 51. h4 Kh5 {White must now prevent ...Kg4.} 52. Ra4 $1 gxh4 53. Rxh4+ Kg5 54. Ra4 $1 Rb6 55. Ke2 Kf5 56. Kf3 Rd6 57. Ra5+ Ke6 58. Ke4 Kd7 59. Kf5 Kc7 60. Ra1 $1 Rc6 61. g4 Kb7 62. Rb1+ Kc7 63. Ra1 Kb7 64. Rb1+ Ka7 65. Ra1 {Precision: White = 70%, Black = 55%.} 1/2-1/2

[Event "Stockholm Chess Challenge 2018"]
[Site "Stockholm"]
[Date "2018.05.01"]
[Round "2"]
[White "Reshef, Omer"]
[Black "Maiorov, Nikita"]
[Result "1-0"]
[WhiteElo "2482"]
[BlackElo "2543"]
[Annotator "TA"]
[PlyCount "120"]
[EventDate "2018.??.??"]
[EventCountry "SWE"]
[SourceTitle "playchess.com"]
[Source "ChessBase"]
[SourceQuality "1"]

{[%evp 9,120,4,22,0,20,23,41,35,33,23,25,7,18,13,20,0,0,0,-1,-16,-10,-10,0,-30,0,0,6,7,6,6,9,8,20,-10,-7,-15,-15,-19,-8,-34,-34,-59,-52,-53,-48,-49,-48,-51,-13,-21,-20,-55,-39,-62,-68,-78,-70,-84,-18,-35,-35,-33,-31,-32,-40,-39,0,-11,-11,-11,-11,-220,-212,-209,-196,-178,0,0,0,0,0,0,0,0,0,0,0,0,0,0,392,392,391,390,389,389,384,381,368,367,329,353,343,329,317,214,214,214,214,214,312,293,395]} 1. e4 e5 2. Nf3 Nc6 3. Nc3 Nf6 4. Bb5 Bd6 5. d3 O-O (5... h6 6. Ne2 a6 7. Ba4 b5 8. Bb3 Na5 9. d4 Nxb3 10. axb3 Nxe4 11. dxe5 Bc5 12. Qd5 Bxf2+ 13. Kf1 {½-½ (49) Inarkiev,E (2689)-Svidler,P (2765) St Petersburg 2017}) 6. a3 {C48: Four Knights: 4 Bb5, replies other than 4...Bb4} Re8 7. Bc4 Be7 8. h3 {White is slightly better.} d6 9. Be3 Be6 10. Nd5 Bxd5 $146 ({Predecessor:} 10... Bf8 11. g4 Na5 12. Nxf6+ Qxf6 13. g5 Qe7 14. Bxe6 Qxe6 15. Qd2 Nc6 16. O-O-O d5 {1-0 (50) Cardenas,I (1367)-Davis,R ICCF email 2016}) 11. exd5 Nb8 $1 {[%cal Bc6b8,Bb8d7,Bd7c5][%mdl 32]} 12. Ng5 Nbd7 13. Ba2 h6 14. Ne4 Nxe4 15. dxe4 Bg5 {Threatens to win with ...Bxe3.} 16. Qd2 a5 17. Bc4 Nc5 (17... Bxe3 {feels hotter.} 18. Qxe3 c6 19. O-O Nf6 20. Rfd1 Qc7) 18. Bxg5 Qxg5 19. Qxg5 hxg5 20. f3 Reb8 21. a4 g6 22. Ke2 Kg7 23. Ke3 f5 24. c3 c6 25. Be2 cxd5 26. exd5 Nd7 27. Ra3 Rc8 28. Rb3 Rc7 29. Rb5 b6 30. Rb3 Rh8 31. Bb5 Nc5 32. Ra3 e4 33. b4 Nd7 (33... exf3 $17 34. gxf3 Nd7 35. Bxd7 Rxd7) 34. bxa5 bxa5 35. Bxd7 Rxd7 $11 {[%mdl 4096] Endgame KRR-KRR} 36. Rb1 Re8 37. c4 f4+ 38. Kd4 e3 39. Rab3 Kh6 40. Rb8 $2 (40. Rb6 $11) 40... Rxb8 $19 41. Rxb8 {KR-KR} Re7 42. Rb1 {[#]} Kg7 $2 ({Better is} 42... Kh5 $1 $19 {aiming for ...Kh4.} 43. c5 dxc5+ 44. Kxc5 Rc7+ 45. Kb6 Rc2 46. Kxa5 Kh4) 43. c5 $11 dxc5+ 44. Kxc5 e2 45. Re1 {d6 is the strong threat.} Kf6 46. Kd6 Kf7 47. Kc6 Re3 48. Kd7 Kf6 {And now ...Ke5 would win.} 49. d6 Ke5 $2 {[%mdl 8192] [#]} (49... Kf7 $1 $11 {and Black stays safe.}) 50. Kc7 $1 $18 Rc3+ 51. Kb6 Kxd6 52. Rxe2 Rb3+ 53. Kxa5 Rb8 54. Ka6 Ra8+ 55. Kb5 Rb8+ 56. Kc4 Rc8+ 57. Kd4 Ra8 58. Ra2 Ra5 59. Kc4 Rc5+ (59... Kc7 {keeps fighting.} 60. Kb4 Rd5 61. Rc2+ Kb6) 60. Kb4 Rc6 {Precision: White = 53%, Black = 57%.} 1-0

[Event "Stockholm Chess Challenge 2018"]
[Site "Stockholm"]
[Date "2018.05.01"]
[Round "2"]
[White "Firat, Burak"]
[Black "Pranav Anand"]
[Result "1/2-1/2"]
[WhiteElo "2446"]
[BlackElo "2158"]
[Annotator "TA"]
[PlyCount "223"]
[EventDate "2018.??.??"]
[EventCountry "SWE"]
[SourceTitle "playchess.com"]
[Source "ChessBase"]
[SourceQuality "1"]

{[%evp 34,223,10,0,-2,-26,-23,-14,-8,-12,-5,0,0,-27,46,27,12,-30,-37,-64,-30,-47,-20,-80,-64,-83,-55,-77,-62,-66,0,0,0,0,0,0,0,0,0,0,14,6,52,44,72,75,53,72,68,44,43,43,43,43,43,43,43,43,44,44,56,56,62,48,57,43,43,41,66,59,62,40,40,47,47,48,48,46,62,62,62,31,95,55,55,55,55,56,141,83,93,90,92,87,121,118,523,523,516,505,490,485,454,154,1464,0,433,222,747,614,465,283,3058,4030,580,168,167,147,147,147,183,175,183,183,222,222,222,222,222,8,8,8,8,0,0,0,0,0,222,0,0,0,0,0,0,0,0,0,0,0,0,0,0,0,54,80,114,114,122,0,0,0,0,0,0,0,0,0,0,0,0,0,0,0,0,0,4133,222,222,0,0,0,0,0,0,0,0,0,0,0,0,0]} 1. e4 e5 2. Nf3 Nc6 3. Bb5 a6 4. Ba4 Nf6 5. O-O Be7 6. Re1 b5 7. Bb3 d6 8. c3 O-O 9. d4 {[%cal Bd2d4,Bd4d5][%mdl 32]} Bg4 10. d5 Na5 11. Bc2 c6 12. h3 Bc8 13. dxc6 Qc7 14. Nbd2 Qxc6 15. Nf1 Be6 16. Ng5 {C91: Closed Ruy Lopez: 7...d6 8 c3 0-0 9 d4} Bd7 17. Ne3 h6 18. Nf3 {LiveBook: 6 Games} Nc4 (18... Rfe8 19. Qd3 Be6 20. Nd5 Bxd5 21. exd5 Qc4 22. Nd2 Qxd3 23. Bxd3 Rac8 24. a4 Nc4 25. axb5 axb5 {½-½ (85) Puranik,A (2479)-Kovalev,V (2639) Warsaw 2017}) 19. Nf5 Bxf5 $1 20. exf5 Rac8 21. a4 $146 ({Predecessor:} 21. Qe2 Bd8 22. a4 Bb6 23. axb5 axb5 24. b3 Na5 25. Bd2 {0-1 (55) Vesselovsky,S-Polovodin,I (2420) Krasnoyarsk /Russia) 1980}) 21... Qb7 22. Nd2 Rfe8 23. Bd3 Bd8 ({Black should play} 23... Qc6 $11) 24. axb5 axb5 25. b3 (25. Ne4 $5 {[%cal Rd3c4]} d5 26. Bxc4 dxe4 27. Bb3 $11) 25... Nxd2 26. Bxd2 e4 27. Bf1 Bb6 28. c4 (28. Be3 $11) 28... bxc4 29. Bxc4 Qd7 {Threatens to win with ...d5.} 30. Ra6 Bc5 31. Be3 Qxf5 (31... Bb4 $15 32. Rf1 Qxf5) 32. Bxc5 $11 dxc5 33. Ra7 Rf8 34. Qd6 Rce8 35. Qc7 $36 {[%cal Rc4f7][%mdl 2048] White is pushing.} Nh7 36. Rd1 {[%cal Be1d1,Bd1d5,Bd5e5][%mdl 32]} Rc8 37. Qd7 Qf4 38. Qd6 Qf5 39. Rd5 Qf6 40. Qxf6 Nxf6 41. Re5 Ne8 42. Rxe4 Nd6 43. Ree7 Nxc4 44. bxc4 $14 {[%mdl 4096] Endgame KRR-KRR} g6 45. Rac7 Rxc7 46. Rxc7 {KR-KR} Re8 47. Rxc5 Re2 48. g3 Kg7 49. Rc6 Kf8 50. Rc7 Kg7 51. Kg2 Kf6 52. h4 h5 53. Kf3 Rc2 54. Ke3 Ke6 55. f3 Rg2 56. Kf4 Rc2 57. g4 Rh2 (57... hxg4 $14 58. fxg4 Kd6) 58. Kg3 Rh1 59. gxh5 gxh5 60. Rc6+ Ke7 (60... Kf5 $1 $14) 61. Rc5 ({White should try} 61. c5 $1) 61... Rc1 $16 62. Kf4 Kd6 63. Rd5+ Ke6 64. Re5+ Kd6 $2 {[%mdl 8192] [#]} (64... Kf6 $16 {is tougher.}) 65. c5+ $1 $18 {[%mdl 512]} Kd7 (65... Rxc5 66. Rxc5) 66. Rxh5 Rc4+ 67. Ke3 Kc6 68. Rh8 $2 (68. f4 $18 {has better winning chances.}) 68... Kd5 $2 (68... Kd7 $16 69. Rh5 Ke6) 69. Rh5+ (69. h5 $142 Rh4 70. h6) 69... Kc6 70. Kf2 (70. f4 $142) 70... f5 $2 (70... Kd7 71. Ke3 Ke6) 71. Kg3 Rxc5 72. Kf4 Kd6 $2 (72... Rc4+ 73. Kxf5 Kd7 74. Rh7+ Ke8) 73. Rxf5 Rc1 74. h5 $2 (74. Kg5) 74... Ke6 75. Ra5 Kf6 76. Ra6+ Kf7 77. Kg5 Rc5+ 78. Kg4 Rc1 79. f4 Rc5 80. Rg6 Rc1 81. Rg5 $2 (81. Rb6 $18) 81... Rg1+ $1 $11 82. Kf5 Rh1 83. Ke4 Re1+ 84. Kf3 {Hoping for Rg6.} Rf1+ 85. Kg3 {Rg4 is the strong threat.} Rg1+ $2 {[#]} (85... Rh1 $11 {and Black is okay.}) 86. Kf2 $2 ({White has to play} 86. Kh2 $1 $18 {[%cal Rh2g1]} Rf1 87. Rg4) 86... Rh1 87. Kg2 Rh4 $1 88. Kg3 Rh1 89. Rc5 {And now Kg4 would win.} Kf6 90. Rc6+ Kf5 91. Rc5+ Kf6 92. Rb5 ({Better is} 92. Re5 $11) 92... Rg1+ $14 93. Kf2 Rh1 94. Kg2 Rh4 95. Kg3 Rh1 96. Rb6+ (96. Rd5 $16) 96... Kf5 $11 97. h6 Rg1+ 98. Kf2 Rh1 99. Kg2 Rh4 100. Kg3 Rh1 101. Ra6 Rg1+ 102. Kf2 Rh1 103. Kg2 Rh4 104. Kg3 Rh1 $2 {[%mdl 8192]} (104... Rg4+ $11 105. Kh3 Rg1) 105. Ra5+ $2 (105. Ra2 Rxh6 106. Ra5+ Kf6 107. Ra6+ Kg7 108. Ra7+ Kf8 109. Kg4) 105... Kg6 $18 106. f5+ $2 (106. Ra2 $18) 106... Kxh6 $11 {The position is equal.} 107. Kf4 Kg7 108. Ra7+ Kf6 109. Ra6+ Kf7 110. Ra7+ Kf6 111. Ra6+ Kf7 112. Ra7+ {Precision: White = 53%, Black = 52%.} 1/2-1/2

[Event "Stockholm Chess Challenge 2018"]
[Site "Stockholm"]
[Date "2018.05.01"]
[Round "2"]
[White "Sankalp Gupta"]
[Black "Kucuksari, Kaan"]
[Result "1-0"]
[WhiteElo "2374"]
[BlackElo "2251"]
[Annotator "TA"]
[PlyCount "67"]
[EventDate "2018.??.??"]
[EventCountry "SWE"]
[SourceTitle "playchess.com"]
[Source "ChessBase"]
[SourceQuality "1"]

{[%evp 12,67,7,-4,-4,-8,0,2,6,0,0,0,4,0,0,0,-2,-14,-7,-18,-15,0,19,-79,0,0,11,0,0,0,11,0,21,20,59,52,182,175,176,181,169,160,252,237,754,542,1376,1286,5293,2486,29992,29993,29993,29994,29994,29995,29998,29999]} 1. d4 d5 2. Bf4 Nf6 3. e3 e6 4. Nd2 Bd6 5. Bg3 (5. Ngf3 O-O 6. Bd3 c5 7. c3 Nc6 8. Bg3 b6 9. e4 Be7 10. e5 Nh5 11. Nf1 cxd4 12. Nxd4 Nxd4 13. cxd4 g6 14. Ne3 f5 15. exf6 Bxf6 16. Be2 Nxg3 17. hxg3 {½-½ (37) Nakamura,H (2787)-Svidler,P (2760) Moscow 2018}) 5... O-O 6. Bd3 {D00: 1 d4 d5: Unusual lines} c5 7. c3 {LiveBook: 43 Games} Qb6 $146 ({Predecessor:} 7... Qc7 8. Bxd6 Qxd6 9. f4 b6 10. Ngf3 Ba6 11. Bxa6 Nxa6 12. Ne5 Nc7 {½-½ (77) Ni,H (2671)-Meier,G (2650) Riadh 2017}) 8. Qc2 {The position is equal.} Nbd7 9. Ngf3 Qc7 10. O-O Bxg3 11. hxg3 e5 12. dxe5 Nxe5 13. Nxe5 Qxe5 14. Rae1 Re8 15. c4 Be6 {[%cal Bc8e6,Be6d5,Bd5c6][%mdl 32]} 16. cxd5 Bxd5 17. f4 (17. e4 $11 Bc6 18. Nc4) 17... Qh5 (17... Qd6 $17) 18. e4 $36 {[%mdl 2048] White is pushing.} Bc6 ({Much worse is} 18... Bxa2 $6 19. b3 $16) 19. e5 Ng4 {[%csl Gg4][%cal Rh5h2]} 20. Nf3 Rad8 {Hoping for ...Bxf3.} 21. Re2 Rd4 22. Rfe1 Red8 23. Bf5 {e6 is the strong threat.} R4d5 {[#]} ({Black should try} 23... Bxf3 $1 $14 24. gxf3 Ne3 25. Bxh7+ (25. Rxe3 Rd2 $17) 25... Qxh7 26. Qxh7+ Kxh7) 24. Be4 $1 $18 R5d7 25. Bxc6 bxc6 26. Qxc5 Nh6 (26... Rc8 $16 27. Qc4 Qf5) 27. Qxc6 Nf5 $2 (27... Rd1 28. e6 fxe6 29. Qxe6+ Qf7) 28. e6 Re7 {[#]} 29. g4 $1 Qxg4 30. exf7+ Rxf7 31. Re8+ {White mates.} Rf8 32. Qe6+ Kh8 33. Rxd8 Rxd8 {[#]} 34. Qe8+ $1 {[%mdl 512] Precision: White = 61%, Black = 22%.} 1-0

[Event "Stockholm Chess Challenge 2018"]
[Site "Stockholm"]
[Date "2018.05.01"]
[Round "2"]
[White "Seo, Jung Min"]
[Black "Kantane, Anna"]
[Result "0-1"]
[WhiteElo "2349"]
[BlackElo "2266"]
[Annotator "TA"]
[PlyCount "100"]
[EventDate "2018.??.??"]
[EventCountry "SWE"]
[SourceTitle "playchess.com"]
[Source "ChessBase"]
[SourceQuality "1"]

{[%evp 23,100,14,12,13,2,0,0,-21,-21,-12,-14,-16,0,0,5,7,6,0,2,0,0,0,7,7,7,0,0,0,0,0,0,0,3,0,0,-22,-25,-45,-38,-42,-35,-51,-50,-95,-88,-128,-128,-191,-183,-257,-253,-573,-253,-305,-246,-310,-312,-432,-432,-431,-426,-441,-444,-435,-435,-393,-385,-1054,-999,-845,-529,-29972,-29972,-29987,-29988,-29992,-357,-1945,-1722]} 1. d4 Nf6 2. Nf3 g6 3. g3 Bg7 4. Bg2 d5 5. O-O O-O 6. c4 Nc6 7. cxd5 Nxd5 8. Nc3 Nb6 9. e3 e5 10. d5 Ne7 11. e4 Bg4 12. a4 {D76: Fianchetto Grünfeld: Main Line with 7...Nb6} c6 {[%cal Rc6d5] LiveBook: 48 Games} 13. h3 Bxf3 14. Bxf3 {The position is equal.} cxd5 {[#] White should prevent ...d4.} 15. Nxd5 $146 ({Predecessor:} 15. exd5 Nf5 16. a5 Nc4 17. a6 Rb8 18. Qd3 Ncd6 19. axb7 Rxb7 20. Ra6 Qb8 21. Bd1 {½-½ (21) Ljubojevic,L (2600)-Leko,P (2545) Leon 1994}) 15... Nbxd5 16. exd5 Nf5 17. Re1 Nd4 18. Be3 Qd7 19. Bxd4 exd4 20. Kg2 h5 21. Qb3 Rac8 22. Rac1 Bf6 23. h4 Kg7 24. Be2 Rfd8 25. Bf3 Rc7 26. Rxc7 Qxc7 27. Qb4 Rc8 28. a5 Qd7 29. Qb3 Rc5 30. Ra1 Rb5 31. Qc2 Qd6 32. Qd2 Rb3 33. Qc2 {[#]} Qb4 $1 {And now ...d3 would win.} 34. Rb1 {next Bd1 is good for White.} d3 35. Qc7 (35. Qd1 $17) 35... Rxb2 36. Rf1 (36. Rxb2 $142 Qxb2 37. Qc4) 36... Rc2 $19 37. Qd7 $2 (37. Qb8 {is tougher.}) 37... Be7 (37... Bd4 $142 {...Qb2 is the strong threat.} 38. Qe8 Qb2) 38. Bd1 Rb2 39. Qc7 Bd6 40. Qd7 Qe4+ 41. Bf3 Qe5 {[#] ( -> ...Qxg3+)} 42. Kg1 Bc5 43. Qh3 Rxf2 44. Rxf2 Qe1+ 45. Kh2 $2 (45. Qf1 Bxf2+ 46. Kg2 Bxg3 47. Qxe1 Bxe1 48. d6) 45... Qxf2+ 46. Qg2 Qd4 47. g4 d2 48. Bd1 hxg4 49. Qxg4 Qxd5 $2 (49... Qf2+ {mates} 50. Qg2 Bd6+ 51. Kh3 Qf5+ 52. Bg4 Qd3+ 53. Bf3 d1=Q 54. Qb2+ Kh7 55. Qg7+ Kxg7 56. h5 Q3xf3+ 57. Kh4 Qxh5#) 50. Bf3 $2 (50. h5) 50... Bd6+ {Precision: White = 30%, Black = 69%.} 0-1

[Event "Stockholm Chess Challenge 2018"]
[Site "Stockholm"]
[Date "2018.05.01"]
[Round "2"]
[White "Sorensen, Hampus"]
[Black "Storme, Isak"]
[Result "1/2-1/2"]
[WhiteElo "2243"]
[BlackElo "2323"]
[Annotator "TA"]
[PlyCount "91"]
[EventDate "2018.??.??"]
[EventCountry "SWE"]
[SourceTitle "playchess.com"]
[Source "ChessBase"]
[SourceQuality "1"]

{[%evp 19,91,-10,-16,-16,14,0,9,2,7,0,5,14,29,9,21,0,0,0,0,0,0,0,7,0,3,0,0,0,0,0,0,0,0,0,0,0,0,-41,-38,-39,-39,-54,-48,-48,-38,-38,-39,-39,-46,-47,0,-14,0,0,0,-33,-11,-17,-17,-22,-9,-9,-10,-9,-11,-11,0,0,5,6,8,20,15,12]} 1. d4 e6 2. c4 b6 3. a3 Bb7 4. Nc3 f5 5. d5 Nf6 6. g3 Bd6 7. Bg2 {A40: Unusual replies to 1 d4} Be5 (7... a5 8. Nh3 O-O 9. O-O Na6 10. e4 Be5 11. exf5 Bxc3 12. bxc3 exf5 13. Be3 Ne4 14. Bxe4 fxe4 {1-0 (36) Navara,D (2737)-Hou,Y (2666) Biel 2017}) 8. Bd2 O-O 9. Nh3 Na6 10. O-O Nc5 {LiveBook: 12 Games} 11. Nf4 Qe7 12. Qc2 a5 13. Rad1 Rae8 $146 ({Predecessor:} 13... Rab8 14. b4 axb4 15. axb4 Na6 {1-0 (31) Kulczycki,M (2112)-Gawehns,K (2450) IECC email 2002}) 14. Be3 Bxc3 15. Qxc3 {[#] Black must now prevent Bxc5.} e5 16. Bxc5 bxc5 17. d6 cxd6 18. Nd5 Bxd5 19. Bxd5+ Nxd5 20. Rxd5 Ra8 21. Rfd1 Rf6 22. b4 axb4 23. axb4 cxb4 24. Qxb4 {[%cal Rd5d6]} f4 25. c5 {[%cal Rd5d6]} Raf8 26. Rxd6 fxg3 27. fxg3 Rxd6 28. cxd6 $11 {[%mdl 4096] Endgame KQR-KQR} Qf7 29. Qc5 Qf5 30. Qe3 h5 31. h4 Rf6 32. Kg2 Kh7 33. Qf3 Qg6 34. Qd5 Qf5 {Strongly threatening ...Qf2+.} 35. Qf3 Qxf3+ (35... g6 {seems wilder.} 36. Qxf5 gxf5 37. Rd5 Re6 38. Ra5 Kg7) 36. exf3 {KR-KR} Kg6 37. Rd5 Re6 38. Kf2 {The position is equal.} Kf5 39. Ke3 Rg6 40. Kf2 Ke6 41. Ra5 Rf6 42. Ke3 Rf8 43. Ke4 Kxd6 44. Rd5+ Kc6 45. Rxe5 g6 46. Rg5 {Precision: White = 60%, Black = 54%.} 1/2-1/2

[Event "Stockholm Chess Challenge 2018"]
[Site "Stockholm"]
[Date "2018.05.01"]
[Round "2"]
[White "Crevatin, Leo"]
[Black "Pantzar, Milton"]
[Result "1-0"]
[WhiteElo "2157"]
[BlackElo "2295"]
[Annotator "TA"]
[PlyCount "95"]
[EventDate "2018.??.??"]
[EventCountry "SWE"]
[SourceTitle "playchess.com"]
[Source "ChessBase"]
[SourceQuality "1"]

{[%evp 23,95,8,12,-5,45,37,65,68,50,30,52,20,29,15,46,8,8,0,0,0,45,45,45,45,45,44,45,45,61,28,32,31,72,18,47,21,66,77,83,62,68,68,60,22,25,24,25,52,56,56,70,85,58,112,369,356,424,424,374,263,241,83,12829,1122,810,753,1585,1569,12838,12839,12836,12834,2198,1431]} 1. d4 Nf6 2. c4 e6 3. Nc3 Bb4 4. e3 O-O 5. Bd3 c5 6. Nge2 d5 7. a3 cxd4 8. exd4 dxc4 9. Bxc4 Be7 10. O-O Nbd7 11. Nf4 {E48: Nimzo-Indian: Rubinstein: 5 Bd3 d5 including 6 Ne2, but excluding 6 a3} Nb6 12. Ba2 Bd7 {LiveBook: 3 Games} 13. d5 {[#] The position is equal.} e5 $146 ({Predecessor:} 13... exd5 14. Nfxd5 Nfxd5 15. Nxd5 Nxd5 16. Bxd5 Bf6 17. Qb3 Bc6 18. Bxc6 bxc6 {½-½ (44) Skliba,M (2309)-Babula,V (2536) Hustopece 2010}) 14. d6 exf4 15. dxe7 Qxe7 16. Bxf4 {aiming for Bd6.} Rfe8 17. Bd6 (17. Re1 $5 {[%cal Re1e7]} Qc5 18. Qd3 $14) 17... Qd8 18. Bg3 ({Of course not} 18. Qb3 Be6 $17) 18... Bc6 19. Qxd8 (19. Qb3 {feels hotter.} Qe7 20. f3 Nh5 21. Rae1 Qd7 22. Rd1) 19... Raxd8 20. Rfd1 Nbd5 21. Bxd5 Bxd5 22. Bh4 $36 {[%mdl 2048] Black must now prevent Bxf6. White has the initiative.} Bc6 23. Bxf6 gxf6 24. f3 Kg7 25. Kf2 Kg6 26. Rxd8 Rxd8 $14 {[%mdl 4096] Endgame KRB-KRN} 27. Rd1 Re8 28. Re1 ({Better is} 28. h4 $16) 28... Re5 29. b4 Rh5 30. Re7 a6 31. h3 Re5 32. Rc7 Kg7 33. f4 Re8 34. a4 {[%cal Ba3a4,Ba4b5][%mdl 32]} Rd8 35. b5 axb5 36. axb5 Rd7 37. Rxd7 $1 Bxd7 {KB-KN} 38. Ke3 (38. Kf3 $14) 38... Kf8 $2 {[%mdl 8192] [#]} (38... Kg6 $16 {keeps fighting.}) 39. Kd4 $1 $18 {[%cal Rd4c5]} Ke7 {[#]} 40. Kc5 $1 Kd8 41. Nd5 f5 42. Nf6 $2 (42. Ne3 $18 {is more deadly.}) 42... h6 $2 {[%mdl 8192]} (42... Ke7 $16 43. Nd5+ (43. Nxh7 f6 $17) 43... Kd8) 43. Kb6 (43. Nxd7 $142 Kxd7 44. Kb6) 43... Bc8 44. Ng8 h5 45. h4 Be6 46. Kxb7 Bd5+ 47. Ka7 Bxg2 48. b6 {Precision: White = 57%, Black = 37%.} 1-0